00684nam a2200229 a 4500001001300000003000900013005001700022008004100039020002300080082001700103100001700120245004900137260003800186300000900224500003500233650001900268700001700287902000800304942000700312952011800319999001700437nice12345678IN_TiNIC20260116014638.0071218s2007 newa grp 000 0 eng  a0275743028 c69500a954.91bJAH1 aJohn, Wilson aGeneral and Jihadb Pakistan Under Musharraf aNew Delhi bPentagon Press c2007 a209p aincludes index and biblioraphy aPakistan-Jihad1 aJohn, Wilson bSRS cBK 001040708StackRoom-aHMIbHMId2007-12-18g695.00l0o954.91 JAH1p022185r2007-12-18v695.00w2007-12-18yBK c16353d16353